| 000 | 00379nam a22001457a 4500 | ||
|---|---|---|---|
| 082 | _aP-460 | ||
| 100 |
_aAhmed Tariq _948312 |
||
| 245 | _aDocumentation of flood (2010) & suggest design / measures/ | ||
| 260 |
_aRisalpur: _bMCE _cc2011 |
||
| 300 |
_a60,; _c26cm |
||
| 526 |
_a0 _b0 _c0 _dP_460 |
||
| 650 | _aProject | ||
| 700 |
_aFaisal Mubarik Shabbir _948313 |
||
| 942 |
_2ddc _cBK |
||
| 999 |
_c551299 _d551299 |
||